Egipte Ancienne (Registro nro. 87369)

Detalles MARC
000 -ENCABEZADO
Número de control [NR] 00643nam a22001937a 4500
005 - FECHA Y HORA DE LA ÚLTIMA TRANSACCIÓN
control field 20210908142156.0
008 - DE LONGITUD FIJA DE DATOS DE ELEMENTOS - INFORMACIÓN GENERAL
Elementos de longitud fija [NR] 130821s1839 fr gr fre
040 ## - FUENTE DE CATALOGACION [NR]
Agencia de catalogación original [NR] Co-BoUCM
Idioma de catalogación [NR] spa
Quien Cataloga Sandra Yazo (modificó)
Quien Clasifica Sandra Yazo (modificó)
041 00 - CODIGO DE IDIOMA [R]
Código de idioma para texto/pista de sonido o título separado [R] Francés
082 ## - NUMERO DE CLASIFICACION DECIMAL DEWEY [R]
Número de clasificación [R] FCS 932
Número del ítem [NR] C41
100 ## - ASIENTO PRINCIPAL--NOMBRE PERSONAL [NR]
Nombre personal [NR] Champollion-Figeas, M.,1790-1832
ID Autoridad 105602
245 00 - MENCION DE TITULO [NR]
Título [NR] Egipte Ancienne
Mención de responsabilidad, etc. [NR] Par M. Champollion-Figeac
260 ## - PUBLICACION, DISTRIBUCION, ETC. (PIE DE IMPRENTA) [R]
Lugar de publicación, distribución, etc. [R] París (Francia)
Nombre del editor, distribuidor, etc. [R] Firmin Didot Frères
Fecha de publicación, distribución, etc. [R] 1839
300 ## - DESCRIPCION FISICA [R]
Extensión [R] 500 páginas
650 04 - ASIENTO SECUNDARIO DE MATERIA - TERMINO TEMATICO [R]
Término temático o nombre geográfico como elemento de entrada [NR] Historia
9 (RLIN) 7695
651 ## - ASIENTO SECUNDARIO DE MATERIA - NOMBRE GEOGRAFICO [R]
Nombre geográfico [NR] Egipto
9 (RLIN) 26935
651 ## - ASIENTO SECUNDARIO DE MATERIA - NOMBRE GEOGRAFICO [R]
Nombre geográfico [NR] Egipto
Subdivisión general [R] Historia
9 (RLIN) 26935
942 ## - ELEMENTOS DE ENTRADA AGREGADOS (KOHA)
Tipo de ítem principal el descrito en 300a Libro
Tema principal 27
Edición 1
Parte restante de la signatura top. C41
Título oculto en OPAC No
Sistema de clasificación DEWEY
Clasificación 932
Existencias
Suprimido Perdido Sistema de clasificación Dañado No prestable Tipo de ítem específico Ubicación habitual Ubicación actual Localización Fecha de creación Forma de adquisición Costo Signatura topográfica Código de barras Última vez visto Ejemplar Price effective from Tipo de ítem Nota pública (OPAC)
    DEWEY     Libro Archivo Histórico Archivo Histórico Archivo histórico 28/02/2003 Donación 1000.00 FCS 932 C41 120000581 06/07/2012 Ej.1 03/02/2013 Libro TRANSFERENCIA CRAI C8